Statistics for Real Madrid Trivia

Click here to take the quiz!

General Stats

  • This quiz has been taken 431 times
  • The average score is 16 of 20

Answer Stats

QuestionAnswer% Correct
What club did Cristiano Ronaldo transfer to in 2018?Juventus
99%
What nickname is given to any match between Real Madrid and Barcelona?El Clásico
94%
What club's rivalry with Real Madrid is called the "Madrid Derby"?Atlético Madrid
93%
What is the home stadium of Real Madrid - named after a former Real forward?Santiago {Bernabéu}
93%
What Real Madrid player is the captain of Croatia's national team?Luka Modrić
89%
Who has been the team captain since 2015?Sergio Ramos
89%
What former Madrid player, famous for his infamous 2006 World Cup headbutt,
is the current head couch of the team?
Zinedine Zidane
89%
What players has scored the most goals after Cristiano Ronaldo?Raúl
87%
Who made a surprising and controversial €62 million move from Barcelona
to Real Madrid in 2000?
Luís Figo
84%
What player became Real Madrid's most expensive purchase in 2013,
for roughly £86 million?
Gareth Bale
81%
Who is the first Colombian to score 20 goals for Real Madrid?James Rodríguez
81%
What Spanish word for "white", is the most common nickname of the club?Los {Blancos}
80%
What players has scored the most goals after Cristiano Ronaldo?Alfredo di Stéfano
74%
Who currently wears the number 7 shirt?Eden Hazard
73%
Who has served as President of Real Madrid since 2009?Florentino Pérez
72%
What player has scored a total of 12 goals in the 1959-60 European Cup campaign?Ferenc Puskás
66%
What Barcelona player received a standing ovation from Real Madrid fans
after a victory in November 2005?
Ronaldinho
63%
What former club captain is Madrid's longest-standing player?Iker Casillas
58%
What does the Spanish word "real" mean?Royal
48%
What Spanish term is given to the expensive, world-famous players of the club?Galácticos
44%

Score Distribution

Percentile by Number Answered

Percent of People with Each Score

Your Score History

You have not taken this quiz